000 01317cam a2200241 4500
001 WB3648-27
008 000000n2000 000 0 eng u
035 _a(Sirsi) u109781
245 _aLeases: forfeiture
260 _c2000
490 _aEstates Gazette Case Summaries
_v[2000] EGCS 136 (2/12/00)
520 _a"Whitbread plc v Falla" ChD 16 November 2000. Tenant (B) occupied a public house in Brighton under a 20-year lease granted by Whitbread (A). The lease contained provisions prohibiting the sale of beer not supplied by A or its nominees. A notified the European Commission of these provisions, and obtained an individual exemption from Article 85 (now 81) of the European Treaty. B applied to the European Court to have the Commission decision annuled. A took proceedings to forfeit the lease and obtained summary judgment for possession at a hearing before a master of the ChD. The master imposed a stay of execution pending the outcome of B's application to the European Court. A appealed. Appeal allowed.
590 _aWB
650 _aWHITBREAD PLC V FALLA
650 _aLEASES
650 _aEXEMPTIONS
650 _aEUROPEAN COURT
650 _aFORFEITURE
650 _aPUBLIC HOUSES
650 _aBEER SUPPLIES
690 _aLANDLORD AND TENANT-LEASES-CASE LAW
942 _n0
999 _c65522
_d65522